| 000 | 01961nam0a2200325 i 4500 | ||
|---|---|---|---|
| 001 | RU\NLR\bibl\1915412 | ||
| 005 | 20241114175528.0 | ||
| 021 |
_aRU _b2012-39365 _92914 |
||
| 035 | _a(NLR Aleph) 001904916 | ||
| 090 |
_a3097650 _c3097650 |
||
| 100 | _a20120619d2011 u y0rusy50 ca | ||
| 101 | 0 | _arus | |
| 102 | _aRU | ||
| 105 | _ay ||||||||| | ||
| 200 | 1 |
_aПрименение мер обеспечения производства по делам об административных правонарушениях в области дорожного движения _eучебное пособие _fА.Н. Кокорев, П.В. Молчанов, А.М. Низаметдинов и др. _gМ-во внутр. дел Рос. Федерации, Моск. ун-т |
|
| 210 |
_aМосква _cМосУ МВД России _d2011 |
||
| 215 |
_a67 с. _d21 |
||
| 300 | _aНа обл. авт.: А.Н. Кокорев, П.В. Молчанов, А.М. Низаметдинов | ||
| 300 | _aВ вып. дан. авт.: Кокорев А.Н., к.ю.н., Молчанов П.В., к.ю.н., доц., Низаметдинов А.М., к.ю.н., доц., Растяпин Ю.В. | ||
| 320 | _aБиблиогр.: с. 66-67 | ||
| 606 |
_aПравила дорожного движения _jУчебные издания _xНарушения _xАдминистративная ответственность _yРоссийская Федерация _92111454 _3RU\NLR\auth\661276031 |
||
| 686 | _aХ621.033.21я7 | ||
| 700 | 1 |
_aКокорев _bА. Н. _gАлександр Николаевич _4070 |
|
| 701 | 1 |
_aМолчанов _bП. В. _gПавел Витальевич _4070 |
|
| 701 | 1 |
_aНизаметдинов _bА. М. _gАнсар Мясумович _4070 |
|
| 801 | 0 |
_aRU _bNLR _c20120619 _gRCR |
|
| 801 | 1 |
_aRU _bNLR _c20120619 |
|
| 942 | _cBOOK | ||
| 980 | _aNBR | ||